A text-book of metallurgy. (Record no. 548511)
[ view plain ]
| 000 -LEADER | |
|---|---|
| fixed length control field | 00436cam a22001571 4500 |
| 082 ## - DEWEY DECIMAL CLASSIFICATION NUMBER | |
| Classification number | 669 |
| Author Mark | BAI |
| -- | D |
| 100 1# - MAIN ENTRY--PERSONAL NAME | |
| Personal name | Bailey, Alan Robert. |
| 9 (RLIN) | 44849 |
| 245 12 - TITLE STATEMENT | |
| Title | A text-book of metallurgy. |
| 260 ## - PUBLICATION, DISTRIBUTION, ETC. | |
| Place of publication, distribution, etc. | London, |
| Name of publisher, distributor, etc. | Macmillan, |
| Date of publication, distribution, etc. | 1954. |
| 300 ## - PHYSICAL DESCRIPTION | |
| Extent | 560 p. |
| Other physical details | illus. |
| Dimensions | 22 cm. |
| 526 ## - STUDY PROGRAM INFORMATION NOTE | |
| Program name | 0 |
| Interest level | 0 |
| Reading level | 0 |
| Title point value | 669_000000000000000_BAI |
| 526 ## - STUDY PROGRAM INFORMATION NOTE | |
| Program name | 0 |
| Interest level | 0 |
| Reading level | 0 |
| Title point value | 669_000000000000000_BAI |
| 650 #0 - SUBJECT ADDED ENTRY--TOPICAL TERM | |
| Topical term or geographic name entry element | MCE |
| 9 (RLIN) | 379 |
| 650 #0 - SUBJECT ADDED ENTRY--TOPICAL TERM | |
| Topical term or geographic name entry element | Metallurgy. |
| 9 (RLIN) | 25466 |
| 942 ## - ADDED ENTRY ELEMENTS (KOHA) | |
| Source of classification or shelving scheme | |
| Koha item type | Book |
| Withdrawn status | Lost status | Source of classification or shelving scheme | Damaged status | Not for loan | Permanent Location | Current Location | Date acquired | Total Checkouts | Full call number | Barcode | Date last seen | Price effective from | Koha item type | Date last checked out |
|---|---|---|---|---|---|---|---|---|---|---|---|---|---|---|
| Military College of Engineering (MCE) | Military College of Engineering (MCE) | 08/29/2014 | 669 BAI | MCE-766 | 08/29/2014 | 08/29/2014 | Book | |||||||
| Military College of Engineering (MCE) | Military College of Engineering (MCE) | 11/13/2014 | 1 | 669 BAI | MCE-727 | 05/22/2015 | 11/13/2014 | Book | 02/23/2015 |
